000 00363nam a22001457a 4500
005 20240708133317.0
008 240708b |||||||| |||| 00| 0 eng d
020 _a978-93-5521-167-5
041 _aeng
100 _aKOTHARI, ATUL
_98395
245 _aATAL BIHARI BAJPAYI SHIKSHA SONWAD
260 _aNEW DELHI
_bPRABHAT PRAKASHAN
300 _a110;P
942 _cBK
999 _c8575
_d8573